000 00268nam a2200121 a 4500
008 101026s1964|||| d
245 1 0 _aTaký je svet
100 1 _aMoric, Rudo
260 _bVPL
_aBratislava
_c1964
020 _c7,50
041 _aslo
044 _axo
_cSK
999 _c12290
_d12290